| 000 | 00626nam a2200169 a 4500 | ||
|---|---|---|---|
| 001 | 000036184 | ||
| 005 | 20240319201453.0 | ||
| 008 | 120110s2011 dr a 000 0 spa d | ||
| 040 |
_aDO-SdBNP _bspa _cBNPHU |
||
| 082 |
_axxxx _bT266d |
||
| 100 | 1 |
_aTejada, Adriano Miguel _d1948-2020 _98560 |
|
| 245 | 1 | 0 |
_aDuarte, la prensa de Curazao y la independencia dominicana / _cAdriano Miguel Tejada. |
| 260 |
_aSanto Domingo : _bBúho, _c2011. |
||
| 300 |
_a31 p. : _bil. ; _c23 cm. |
||
| 504 | _aIncluye referencias bibliográficas y notas al pie de las páginas | ||
| 500 | _aDiscurso de ingreso a la Academia Dominicana de la Historia | ||
| 999 |
_c35675 _d35675 |
||